The World Bank : its first half century /

Bibliographic Details
Main Author: Kapur, Devesh, 1959-
Other Authors: Lewis, John P. (John Prior), 1921-2010, Webb, Richard Charles, 1937-
Format: Book
Language:English
Published: Washington, D.C. : Brookings Institution, [1997]
Subjects:

MARC

Tag First Indicator Second Indicator Subfields
LEADER 00000cam a2200000 a 4500
001 in00001402278
005 20151020054124.0
008 970603s1997 dcua b 001 0 eng
010 |a  97021093  
020 |a 081575230X (set) 
020 |a 0815752342 (v. 1) 
020 |a 0815752369 (v. 2) 
035 |a (OCoLC)37043884 
035 |9 AHN0464AM 
040 |a DLC  |c DLC  |d TXA  |d UtOrBLW 
049 |a TXAM 
050 0 0 |a HG3881.5.W57  |b K36 1997 
082 0 0 |a 332.1/532/05  |2 21 
100 1 |a Kapur, Devesh,  |d 1959- 
245 1 4 |a The World Bank :  |b its first half century /  |c Devesh Kapur, John P. Lewis, Richard Webb. 
264 1 |a Washington, D.C. :  |b Brookings Institution,  |c [1997] 
264 4 |c ©1997 
300 |a 2 volumes :  |b illustrations ;  |c 25 cm. 
336 |a text  |b txt  |2 rdacontent 
337 |a unmediated  |b n  |2 rdamedia 
338 |a volume  |b nc  |2 rdacarrier 
504 |a Includes bibliographical references and indexes. 
505 0 |a v. 1. History -- v. 2. Perspectives. 
610 2 0 |a World Bank  |x History. 
700 1 |a Lewis, John P.  |q (John Prior),  |d 1921-2010. 
700 1 |a Webb, Richard Charles,  |d 1937- 
948 |a C:BLW  |d 20030515 
999 |a MARS 
999 f f |s 62794eeb-f1bb-3384-9c25-0cf44062fcab  |i 2f97310a-1095-3599-9089-2993b155c8a2  |t 0 
952 f f |p ric  |a Texas A&M University  |b Rellis Campus  |c Joint Library Facility  |d Remote Storage  |t 0  |e HG3881.5.W57 K36 1997  |h Library of Congress classification  |i unmediated -- volume  |k v.2  |m A14822472440 
952 f f |p ric  |a Texas A&M University  |b Rellis Campus  |c Joint Library Facility  |d Remote Storage  |t 0  |e HG3881.5.W57 K36 1997  |h Library of Congress classification  |i unmediated -- volume  |k v.1  |m A14822469641 
998 f f |a HG3881.5.W57 K36 1997  |s v.1-v.2  |t 0  |l Remote Storage